000 00585nam a2200229Ia 4500
003 OSt
005 20221007071729.0
006 a|||||r|||| 00| 0
007 ta
008 221006b |||||||| |||| 00| 0 eng d
024 _a15,391
037 _cTextual
040 _aFLL
_cFLL
_beng
041 _2eng
_aeng
082 _aX:97D.3.N7, M1
100 _aArnold G. Au.
_9689300
245 0 _aUnions
260 _aLondon
_bHamish hamilton London
_c1981
300 _a240p
_ccm.
942 _hX:97D.3.N7, M1
_cTEXL
_2CC
999 _c1144089
_d1144089